The Killers Studio Albums - Statistics

General Stats
  • This quiz has been taken 15 times
  • The average score is 6 of 7
Answer Stats
Picture Answer % Correct
Sam's Town
100%
Hot Fuss
93%
Day and Age
86%
Battle Born
79%
Imploding the Mirage
79%
Pressure Machine
71%
Wonderful Wonderful
64%
No matching quizzes found
Score Distribution
Percent of People with Each Score
Percentile by Number Answered
Your Score History
You have not taken this quiz